Clinical Examination (Record no. 10683)
[ view plain ]
| 000 -LEADER | |
|---|---|
| fixed length control field | 00293nam a2200133Ia 4500 |
| 003 - CONTROL NUMBER IDENTIFIER | |
| control field | OSt |
| 005 - DATE AND TIME OF LATEST TRANSACTION | |
| control field | 20240106141626.0 |
| 008 - FIXED-LENGTH DATA ELEMENTS--GENERAL INFORMATION | |
| fixed length control field | 170523s9999 xx 000 0 und d |
| 020 ## - INTERNATIONAL STANDARD BOOK NUMBER | |
| International Standard Book Number | 9788131203750 |
| 040 ## - CATALOGING SOURCE | |
| Transcribing agency | IIMTU |
| 100 ## - MAIN ENTRY--PERSONAL NAME | |
| Personal name | Talley-N.J |
| 245 #0 - TITLE STATEMENT | |
| Title | Clinical Examination |
| 942 ## - ADDED ENTRY ELEMENTS (KOHA) | |
| Source of classification or shelving scheme | |
| Koha item type | Book Bank |
| Withdrawn status | Lost status | Source of classification or shelving scheme | Damaged status | Not for loan | Home library | Current library | Date acquired | Barcode | Date last seen | Price effective from | Koha item type | Public note | Total Checkouts | Total Renewals | Date last checked out |
|---|---|---|---|---|---|---|---|---|---|---|---|---|---|---|---|
| IIMT University Central Library Meerut | IIMT University Central Library Meerut | 05/30/2017 | 01-B-99077 | 05/30/2017 | 05/30/2017 | Reference Book | Physiotherapy Books | ||||||||
| IIMT University Central Library Meerut | IIMT University Central Library Meerut | 05/30/2017 | 01-B-99078 | 04/12/2021 | 05/30/2017 | Book Bank | Physiotherapy Books | 1 | 1 | 04/02/2021 | |||||
| IIMT University Central Library Meerut | IIMT University Central Library Meerut | 05/30/2017 | 01-B-99079 | 02/10/2020 | 05/30/2017 | Book Bank | Physiotherapy Books | 1 | 02/06/2020 |

